000 00820pam a2200253 a 4500
001 4488789
005 20250528151642.0
008 970508s1998 mauab b 001 0 eng
020 _a0697294986
050 0 0 _aGV14
_b.L394 1998
082 0 0 _a790/.01/35097
_221
245 0 0 _aLeisure and life satisfaction :
_bfoundational perspectives /
_cChristopher R. Edginton ... [et al.].
250 _a2nd ed.
260 _aBoston, Mass. :
_bWCB/McGraw-Hill,
_cc1998.
300 _axiii, 450 p. :
_bill., map ;
_c24 cm.
650 0 _aLeisure
_zUnited States.
650 0 _aLeisure
_zCanada.
650 0 _aLeisure industry
_zUnited States.
650 0 _aLeisure industry
_zCanada.
650 0 _aQuality of life
_zUnited States.
650 0 _aQuality of life
_zCanada.
700 1 _aEdginton, Christopher R.
942 _2lcc
_cBK
_n0
999 _c6007
_d6007